| 000 | 00914nam a22002897a 4500 | ||
|---|---|---|---|
| 001 | 6074 | ||
| 003 | FISKH | ||
| 005 | 20250307132620.0 | ||
| 008 | 250306b cb ||||| |||| 00| 0 eng d | ||
| 020 | _a9780439435390 | ||
| 040 |
_aFISKH _beng _cFISKH _dFISKH |
||
| 050 | _a PZ7.S69746 F | ||
| 082 | _a281 | ||
| 100 |
_aSon, John _d(1972-) |
||
| 245 |
_aFinding my hat / _cJohn Son |
||
| 250 | _aThis edition first published in 2004 | ||
| 260 |
_aNew York : _bScholastic, _c2003 |
||
| 300 |
_a185 pages : _c18 cm |
||
| 505 | _aW | ||
| 520 | _aJin-Han describes his life growing up with his mother and father, immigrants from Korea, and his little sister as they move to different cities with his parents' business. | ||
| 521 | 8 |
_a840
_bLexile |
|
| 521 | 8 |
_aW
_bRaz-Plus |
|
| 650 |
_2Korean American _aMulticultural |
||
| 650 |
_2First person _aImmigrants |
||
| 942 |
_2ddc _cBK _n0 |
||
| 999 |
_c6074 _d6074 |
||